Central Library OPAC University of Rajshahi

Ancient history from prehistoric times to the death of Justinian / (Record no. 25849)

MARC details
000 -LEADER
fixed length control field 00846cam a22002651 4500
001 - CONTROL NUMBER
control field 25849
003 - CONTROL NUMBER IDENTIFIER
rucl marc code BD-RjUL
005 - DATE AND TIME OF LATEST TRANSACTION
control field 20211209050933.0
008 - FIXED-LENGTH DATA ELEMENTS--GENERAL INFORMATION
fixed length control field 140319s1968 1967 nyuabj b 000 0 eng
035 ## - SYSTEM CONTROL NUMBER
System control number (BD-RjUL)25919
040 ## - CATALOGING SOURCE
Original cataloging agency DLC
Transcribing agency DLC
Modifying agency BD-RjUL
Language of cataloging eng
041 ## - LANGUAGE CODE
Language code of text/sound track or separate title eng
082 00 - DEWEY DECIMAL CLASSIFICATION NUMBER
Classification number 913.03
Author mark and year ROA 1968
100 1# - MAIN ENTRY--PERSONAL NAME
Personal name Robinson, Charles Alexander,
Dates associated with a name 1900-1965.
9 (RLIN) 72322
245 10 - TITLE STATEMENT
Title Ancient history from prehistoric times to the death of Justinian /
Statement of responsibility, etc. Charles Alexander Robinson.
250 ## - EDITION STATEMENT
Edition statement 2d ed.,
260 ## - PUBLICATION, DISTRIBUTION, ETC. (IMPRINT)
Place of publication, distribution, etc. New York :
Name of publisher, distributor, etc. Macmillan ,
Date of publication, distribution, etc. 1968.
300 ## - PHYSICAL DESCRIPTION
Pagination xxv, 740 p. :
Illustrations illus., geneal. table, maps. ;
Size 25 cm.
504 ## - BIBLIOGRAPHY, ETC. NOTE
Bibliography, etc Bibliography: p. 703-720.
650 #0 - SUBJECT ADDED ENTRY--TOPICAL TERM
Topical term or geographic name as entry element History, Ancient.
9 (RLIN) 79426
700 1# - ADDED ENTRY--PERSONAL NAME
Personal name Boegehold, Alan L.
Fuller form of name (Alan Lindley)
942 ## - ADDED ENTRY ELEMENTS (KOHA)
Source of classification or shelving scheme Dewey Decimal Classification
Koha item type Books
Holdings
Lost status Source of classification or shelving scheme Damaged status Not for loan Collection code Permanent Location Current Location Shelving location Date acquired Source of acquisition Cost, normal purchase price Total Checkouts Full call number Date last seen Copy number Koha item type
  Dewey Decimal Classification     Non-fiction Central Library, University of Rajshahi Central Library, University of Rajshahi   20/04/1974 EURO BANGLADESH 89.50   913.03 ROA 1968 19/03/2014 C-2 Books
  Dewey Decimal Classification   Added to bundle Non-fiction Central Library, University of Rajshahi Central Library, University of Rajshahi Reading Room 20/03/1974 EURO BANGLADESH 89.50   913.03 ROA 1968 19/03/2014 C-1 Books